000 00617nam a22001817a 4500
005 20251108170749.0
008 250721s2002 xx 000 0 ara d
082 1 4 _a210.4265748/خطي
100 1 _aالخطيب، حسين حسن
245 1 0 _aالمحاسبة المالية و أصولها الإسلامية :
_bنظريات وتطبيقات /
264 1 _aعمان :
_bدار يافا العلمية للنشر والتوزيع،
_c2002.
300 _a229ص.
650 1 7 _aالمحاسبية
650 1 7 _aالسجلات المالية
650 1 7 _aالإسلام
942 _2ddc
_cBK
999 _c48447
_d48447